000 01619nam a2200445 i 4500
001 DIGRAMA0241
003 NyNyDIG
007 cr |||||||||||
008 220517s2017 sp a o 001 0 spa d
006 m o d
035 _a(OCoLC)1335136447
040 _aDGITA
_beng
_erda
_epn
_cDGITA
020 _a9788499646817
_qeBook
020 _z9788499646923
050 1 4 _aT386.A97 ebook
082 1 4 _a620.00420285536
100 1 _aCebolla Cebolla, Castell,
_eauthor.
245 1 0 _aAutoCAD 2017 :
_bcurso práctico /
_cCastell Cebolla Cebolla, Jaime Santoro, Javier García.
264 1 _aParacuellos de Jarama, Madrid :
_bRa-Ma,
_c[2017]
300 _a1 online resource :
_billustrations.
336 _atext
_btxt
_2rdacontent
337 _acomputer
_bc
_2rdamedia
338 _aonline resource
_bcr
_2rdacarrier
347 _atext file
_2rdaft
347 _bPDF
500 _aIncludes index.
588 0 _aOnline resource; title from PDF title page (Digitalia, viewed May 17, 2022)
630 0 0 _aAutoCAD.
650 0 _aComputer graphics.
650 0 _aComputer-aided design.
655 0 _aElectronic books.
700 1 _aSantoro Recio, Jaime,
_eauthor.
700 1 _aGarcía Guerra, Javier,
_d1962-
_eauthor.
791 2 _aDigitalia (Firm),
_edistributor.
793 0 _gDigitalia eBook Collection:
_aRa-Ma Editorial
776 0 8 _iPrint version:
_aCebolla Cebolla, Castell.
_tAutoCAD 2017.
_dParacuellos de Jarama, Madrid : Ra-Ma, [2017]
_z9788499646923
856 4 0 _3Digitalia Hispánica
_uhttps://www.digitaliapublishing.com/a/110109/
910 _aPremium collection: 2022
942 _cRAA
999 _c272487
_d272487